Регионална библиотека "Любен Каравелов" - Русе

Киносалон Мечо Пух (Запис номер 77467)

MARC детайли
000 -Лидер
Контролно поле с фиксирана дължина 01562nam a2200373 c 4500
003 - Код на организацията, давaща контролен номер
Контролно поле BLK
005 - Дата и час на последна редакция
Контролно поле 20250604110915.0
008 - Елементи от данни с фиксирана дължина
fixed length control field 180408b bul|||||r ||||||| ||bul||
010 ## - Наследен системен номер
LC control number KNG00081923000
020 ## - Международен стандартен номер на книга ISBN
Международен стандартен номер на книга ISBN 978-954-27-0054-8
-- издат.: Егмонт България
040 ## - Източник на каталожния запис
Идентификатор на билиотеката - собственик на записа BLK
041 ## - Код за език
Код за езика на текст/звукозапис или на отделно заглавие Български
Код за езика КДБФ Български
080 ## - УДК
Текстов определител УДК Американска литература (на САЩ)
УДК код - определител по УДК 821.111(73)
УДК определител -93-91
УДК - код + определител 821.111(73)-93-91
139 ## - Редно поле
Редна дума Киносалон Мечо Пух
Авторски знак Кин - К 54
245 10 - Сведения за заглавието
Заглавие Киносалон Мечо Пух
Подзаглавни данни Кн. с приказки и прожекционно апаратче
Редно поле (дума) по Алън Александър Милн; ил. Ърнест Шепърд; прев. Ирина Димитрова.
257 ## - Страна на издаване
Страна на създаване/издаване Съединени американски щати
260 ## - Област на издателските данни
-- София
Име на издателя, разпространителя и проч. Егмонт България
Година на издаване 2007
300 ## - Физическа характеристика
Страници 46 с.
Илюстрации и др. с цв. ил.
Размери/Мащаб 32Х32 см
380 ## - Жанр
Жанр Детска худож. лит.
490 1# - СЕРИИ (Колекции)
Име на серия Disney Мечо Пух
500 ## - Общи забележки
Забележка Ориг. загл. Winnie the Pooh's Movie Theatre Storybook. - Офс. изд.
653 ## - Ключова дума – ненормативна
Ключова дума литература за деца
653 ## - Ключова дума – ненормативна
Ключова дума детска литература
653 ## - Ключова дума – ненормативна
Ключова дума приказки
700 1# - Други автори (авторска отговорност)
Лично име Милн, Алън Александър
Автороска отговорност (Описва отношението между автора и произведението) по
9 (RLIN) 365556
700 1# - Други автори (авторска отговорност)
Лично име Шепърд, Ърнест
Автороска отговорност (Описва отношението между автора и произведението) ил.
9 (RLIN) 371795
700 1# - Други автори (авторска отговорност)
Лично име Димитрова, Ирина
Автороска отговорност (Описва отношението между автора и произведението) прев.
9 (RLIN) 363468
852 ## - Местоположение
Форматна сигнатура Цб ІІ 15102
856 4# - Електронен адрес и достъп
Електронен формат pdf - файл
Път до файла /url/
856 4# - Електронен адрес и достъп
Електронен формат pdf - файл
Път до файла /url/
942 ## - АРТИКУЛИ
Вид на библиотечния материал Книги
Скрит в OPAC Не
Koha issues (borrowed), all copies 18
944 ## - СЪЗДАВАНЕ И РЕДАКЦИЯ на ЗАПИСА
Създаване/Редакция Създаване
Дата на регистрацията/редакция 27.02.2008
Статус, дата на статуса Бояна Костадинова
Служител, извършил регистрацията/редакцията 30551
944 ## - СЪЗДАВАНЕ И РЕДАКЦИЯ на ЗАПИСА
Създаване/Редакция Редакция
Дата на регистрацията/редакция 31.10.2012
Статус, дата на статуса ф /
Служител, извършил регистрацията/редакцията
999 ## - СИСТЕМНИ КОНТРОЛНИ НОМЕРА
Koha biblionumber 77467
Koha biblioitemnumber 77467
Наличности
Код за отписване Код за изгубен артикул Код за повреда Коз за рестрикции Код за отдаване Артикулен № Име на библиотеката - собственик Име на библиотеката, в която се намира в момента Статус (Текущо местоположение) Дата на вписване в системата Местоположение - отдел Цена в лева Инвентарен номер Систематично азбучна сигнатура Баркод Номер на екземпляра Цена в евро Служебна бележка Служебен тип на артикула
  Не е изгубен Не е повреден без рестрикции ползва се в читалня 125469 Регионална библиотека "Любен Каравелов" Русе Регионална библиотека "Любен Каравелов" Русе Хранилище 2008-02-27 Хранилище 35.00 120000723985 Цб ІІ 15102 120000723985 1 17.90 Дост: Dp Вид: Д N: 50 Дата: 22.11.2007 Книги
  Не е изгубен Не е повреден без рестрикции заемане за дома 125470 Регионална библиотека "Любен Каравелов" Русе Регионална библиотека "Любен Каравелов" Русе Детски отдел 2012-10-24 Детски отдел 35.00 120000760719 ДХ 820/899/К 54 120000760719 2 17.90 Дост: DA Вид: А N: 19 Дата: 19.10.2012 Дата инв: 17.08.2015 Бележки инв: Д2015 Книги
Vip Innovations Ltd, Rousse, Bulgaria 2025